000 00579nam a2200229Ia 4500
003 OSt
005 20220924151208.0
006 a|||||r|||| 00| 0
007 ta
008 220923b |||||||| |||| 00| 0 tel d
024 _a336631
037 _cTextual
040 _aARTS
_cARTS
_btel
041 _2tel
_atel
082 _aO35,3NSESx, N6
100 _aRao Allam Seshagiri
_9223780
245 0 _aAranya ghosha
260 _c1996
650 _aTELUGU FICTION
942 _hO35,3NSESx, N6
_cTEXL
_2CC
999 _c465857
_d465857